| Tag |
First Indicator |
Second Indicator |
Subfields |
| LEADER |
00000cam a22000001 4500 |
| 001 |
in00000058204 |
| 005 |
20151008051513.0 |
| 008 |
730327s1962 kyuab b 00000 eng |
| 010 |
|
|
|a 62013456
|
| 019 |
|
|
|a 965018
|
| 035 |
|
|
|a (OCoLC)00181924
|
| 035 |
|
|
|9 AAG8315AM
|
| 040 |
|
|
|a DLC
|c DLC
|d TXA
|d UtOrBLW
|
| 043 |
|
|
|a n-usa--
|
| 049 |
|
|
|a TXAM
|c [350204]
|
| 050 |
0 |
0 |
|a HC107.K4
|b S58
|
| 082 |
0 |
|
|a 309.175
|
| 092 |
|
|
|a 309.175
|b S727r
|
| 110 |
2 |
|
|a Appalachian Studies Association.
|
| 245 |
1 |
4 |
|a The Southern Appalachian region ;
|b a survey /
|c Edited by Thomas R. Ford [director of research] Contributors: Rupert B. Vance [and others].
|
| 264 |
|
1 |
|a Lexington :
|b University of Kentucky Press,
|c [1962]
|
| 300 |
|
|
|a xv, 308 pages :
|b maps, diagrams, tables. ;
|c 29 cm.
|
| 336 |
|
|
|a text
|b txt
|2 rdacontent
|
| 337 |
|
|
|a unmediated
|b n
|2 rdamedia
|
| 338 |
|
|
|a volume
|b nc
|2 rdacarrier
|
| 504 |
|
|
|a Bibliographical footnotes.
|
| 651 |
|
0 |
|a Appalachian Region, Southern
|x Economic conditions.
|
| 651 |
|
0 |
|a Appalachian Region, Southern
|x Social conditions.
|
| 700 |
1 |
|
|a Ford, Thomas R.,
|d 1923-
|
| 700 |
1 |
|
|a Vance, Rupert Bayless,
|d 1899-1975.
|
| 999 |
|
|
|a MARS
|
| 999 |
f |
f |
|s 837d74d3-1373-3f5e-a124-b9e6cfa34919
|i c9ae19d1-38a5-3e08-8242-c4eec22557b6
|t 0
|
| 952 |
f |
f |
|p normal
|a Texas A&M University
|b College Station
|c Sterling C. Evans Library
|d Evans: Library Stacks
|t 0
|e HC107.K4 S58
|h Library of Congress classification
|i unmediated -- volume
|m A14800650771
|
| 998 |
f |
f |
|a HC107.K4 S58
|t 0
|l Evans: Library Stacks
|